Some economic aspects of higher education in Kerala with special reference to education employment and income linkages (Record no. 20548)

MARC details
000 -LEADER
fixed length control field 00490nam a2200145Ia 4500
082 ## - DEWEY DECIMAL CLASSIFICATION NUMBER
Classification number TT.0094
100 ## - MAIN ENTRY--AUTHOR NAME
Personal name Thomas, Joesph,A.
245 #0 - TITLE STATEMENT
Title Some economic aspects of higher education in Kerala with special reference to education employment and income linkages
260 ## - PUBLICATION, DISTRIBUTION, ETC. (IMPRINT)
Year of publication 1988
Name of publisher University of Kerala
300 ## - PHYSICAL DESCRIPTION
Number of Pages 284p.
650 ## - SUBJECT ADDED ENTRY--TOPICAL TERM
Topical Term EDUCATION, HIGHER - ECONOMIC ASPECTS - KERALA
650 ## - SUBJECT ADDED ENTRY--TOPICAL TERM
Topical Term EMPLOYMENT AND UNEMPLOYMENT - KERALA
710 ## - ADDED ENTRY--CORPORATE NAME
Corporate name or jurisdiction name as entry element Nair, P.R. Gopinathan
942 ## - ADDED ENTRY ELEMENTS (KOHA)
Koha item type Thesis
Source of classification or shelving scheme Dewey Decimal Classification
Holdings
Withdrawn status Lost status Damaged status Not for loan Home library Current library Date acquired Bill Date Full call number Accession Number Price effective from Koha item type
        NASSDOC Library NASSDOC Library 08/10/2004 2008-12-30 TT.0094 31355 18/04/2019 Thesis